Technological and industrial policy in China and Europe (Record no. 1077919)

MARC details
000 -LEADER
fixed length control field 00834nam a2200265Ia 4500
003 - CONTROL NUMBER IDENTIFIER
control field OSt
005 - DATE AND TIME OF LATEST TRANSACTION
control field 20221006143738.0
008 - FIXED-LENGTH DATA ELEMENTS--GENERAL INFORMATION
fixed length control field 221006b |||||||| |||| 00| 0 eng d
020 ## - INTERNATIONAL STANDARD BOOK NUMBER
International Standard Book Number 9186002171
037 ## - SOURCE OF ACQUISITION
Terms of availability Textual
040 ## - CATALOGING SOURCE
Original cataloging agency EASL
Transcribing agency EASL
Language of cataloging eng
041 ## - LANGUAGE CODE
Source of code eng
Language code of text/sound track or separate title eng
100 ## - MAIN ENTRY--PERSONAL NAME
Personal name GRANSTRAND Ove Ed.
9 (RLIN) 145670
245 #0 - TITLE STATEMENT
Title Technological and industrial policy in China and Europe
Remainder of title Proceedings from the first joint TIPCE conference 1981
260 ## - PUBLICATION, DISTRIBUTION, ETC.
Place of publication, distribution, etc. Lund
Name of publisher, distributor, etc. Research Policy Institute
Date of publication, distribution, etc. 1981
300 ## - PHYSICAL DESCRIPTION
Extent 255p.
Dimensions cm.
490 ## - SERIES STATEMENT
Volume/sequential designation CEL
700 ## - ADDED ENTRY--PERSONAL NAME
Personal name SIGURDSON Jon Ed.
9 (RLIN) 129828
942 ## - ADDED ENTRY ELEMENTS (KOHA)
Classification part X8(F).410j5.N81, M1
Koha item type Textual
Source of classification or shelving scheme Colon Classification (CC)
Holdings
Withdrawn status Lost status Source of classification or shelving scheme Damaged status Not for loan Home library Current library Date acquired Cost, normal purchase price Serial Enumeration / chronology Total Checkouts Full call number Barcode Date last seen Cost, replacement price Price effective from Koha item type
    Colon Classification (CC)     Department of East Asian Studies Library Department of East Asian Studies Library 2022-10-06 255.00 CEL   X8(F).410j5.N81 M1 EA0790323 2022-10-06 255.00 2022-10-06 Textual
Copyright @ Delhi University Library System